000 00540nam a2200157 i 4500
001 128455
003 ES-MaACL
007 t|
008 070511s1968 sp ||||1| spa d
100 1 _aTallón Cantero, Rodrigo.
_9109132
245 1 0 _aElectrocardiografía clínica /
_cRodrigo Tallón Cantero ; prólogo por Gabriel Sánchez de la Cuesta.
260 _aSevilla :
_b[Gráf. Sevillanas],
_c1968.
300 _aXXVII, 654 p. :
_bil. ;
_c24 cm.
700 1 _aSánchez de la Cuesta, Gabriel.
_9102581
852 _aES-MaACL
_jG-5507
_bR.65730
999 _c128455
_d128455